000 00713nam a2200205 a 4500
001 000039710
005 20201002033707.0
008 130717s1978 xxua 000 0 spa d
020 _a0897291735
040 _aDO-SdBNP
_bspa
_cBNPHU
100 1 _aPortell-Vilá, Herminio
_965900
245 1 4 _aLos otros extranjeros en la revolución norteamericana /
_cHerminio Portell-Vilá.
260 _aMiami :
_bEdiciones Universal,
_c1978.
300 _a163 p. :
_bil. ;
_c23 cm.
490 1 _aEstudios Hispánicos
500 _aIncluye índice alfabético
500 _aIncluye datos biográficos del autor en la contracubierta
500 _aIncluye notas al pie de las páginas
830 0 _aEstudios Hispánicos
_965901
999 _c39200
_d39200